| 000 | 00464nam a22001697a 4500 | ||
|---|---|---|---|
| 003 | BD-ChCU | ||
| 005 | 20251209120702.0 | ||
| 008 | 251209b bg ||||| |||| 00| 0 ben d | ||
| 040 | _cBD-ChCU | ||
| 082 | _a297.9 STD | ||
| 245 |
_aDocuments from Islamic chanceries, first series.// _cS. M. Ster. ed. |
||
| 260 |
_aOxford _bBruno Cassirer _c1965 |
||
| 300 | _a254p | ||
| 650 | 0 |
_aIslam - History _917795 |
|
| 700 |
_aSter, S. M. ed. _917794 |
||
| 942 |
_2ddc _cBK _n0 |
||
| 999 |
_c110274 _d110274 |
||